[Event "North Bay int."]
[Site "North Bay CAN"]
[Date "1996.08.07"]
[Round "1"]
[White "Pacey, Kevin"]
[Black "Thiele, Frank"]
[Result "1-0"]
[WhiteElo "2297"]
[BlackElo "2108"]
[PlyCount "63"]
[EventDate "1996.08.07"]
[EventType "swiss"]
[EventRounds "9"]
[EventCountry "CAN"]

1. e4 c5 2. Nf3 Nc6 3. d4 cxd4 4. Nxd4 Nf6 5. Nc3 e5 6. Ndb5 d6 7. Bg5 a6 8.
Na3 b5 9. Bxf6 gxf6 10. Nd5 f5 11. Nxb5 axb5 12. Bxb5 Bd7 13. exf5 Bg7 14. O-O
Ra5 15. a4 Nd4 16. Qh5 Nxb5 17. axb5 Rxb5 18. Qf3 Bc6 19. f6 Bh6 20. c4 Bxd5
21. cxd5 Bg5 22. Qg4 Bxf6 23. Ra7 Kf8 24. Rc1 Rc5 25. Rxc5 dxc5 26. Rd7 Qa5 27.
h4 Rg8 28. Qf5 Rg6 29. h5 Qe1+ 30. Kh2 Rg5 31. Qxf6 Rxh5+ 32. Kg3 1-0

[Event "North Bay int."]
[Site "North Bay CAN"]
[Date "1996.08.07"]
[Round "1"]
[White "Palsson, Halldor"]
[Black "Filipovich, David"]
[Result "1/2-1/2"]
[WhiteElo "2125"]
[BlackElo "2299"]
[PlyCount "68"]
[EventDate "1996.08.07"]
[EventType "swiss"]
[EventRounds "9"]
[EventCountry "CAN"]

1. d4 d5 2. c4 c6 3. Nc3 Nf6 4. Nf3 dxc4 5. a4 Bg4 6. e3 e5 7. dxe5 Qxd1+ 8.
Nxd1 Ne4 9. Bxc4 Bb4+ 10. Bd2 Nxd2 11. Nxd2 Nd7 12. f4 f6 13. exf6 Nxf6 14. Nc3
O-O-O 15. h3 Bf5 16. Ke2 Rhe8 17. g4 Nxg4 18. hxg4 Bxg4+ 19. Nf3 Bc5 20. e4 Rd4
21. Bd3 Bxf3+ 22. Kxf3 Rxd3+ 23. Kg4 Rd2 24. e5 Rxb2 25. Ne4 Bf8 26. Rxh7 Rb4
27. Kf3 Rd8 28. Ng5 Rd3+ 29. Ke2 Rg3 30. Ne6 Rb2+ 31. Kf1 Rgg2 32. Nxf8 Rbf2+
33. Ke1 Re2+ 34. Kf1 Ref2+ 1/2-1/2

[Event "North Bay int."]
[Site "North Bay CAN"]
[Date "1996.08.07"]
[Round "1"]
[White "Peckford, William"]
[Black "Acker, Robert"]
[Result "1-0"]
[WhiteElo "2314"]
[BlackElo "2100"]
[PlyCount "77"]
[EventDate "1996.08.07"]
[EventType "swiss"]
[EventRounds "9"]
[EventCountry "CAN"]

1. d4 d5 2. c4 e6 3. Nc3 Nf6 4. cxd5 exd5 5. Bg5 c6 6. Qc2 Bb4 7. e3 Nbd7 8.
Bd3 h6 9. Bh4 O-O 10. Nge2 Re8 11. g4 Nf8 12. h3 g5 13. Bg3 Ne4 14. O-O-O f5
15. gxf5 Bxf5 16. Nxe4 Bxe4 17. Bxe4 Rxe4 18. Be5 Qa5 19. a3 Bxa3 20. bxa3
Qxa3+ 21. Qb2 Qxb2+ 22. Kxb2 Ng6 23. Nc3 Rh4 24. Bg3 Rh5 25. Ra1 Nh4 26. Na4
Nf5 27. Nb6 Nxg3 28. fxg3 Rf8 29. Rxa7 g4 30. h4 Rf3 31. Rxb7 Rxe3 32. Rf1 Rf3
33. Re1 Rhf5 34. Re8+ Rf8 35. Ree7 Rd8 36. Rg7+ Kf8 37. Rh7 Ke8 38. Rbe7+ Kf8
39. Nd7+ 1-0

[Event "North Bay int."]
[Site "North Bay CAN"]
[Date "1996.08.07"]
[Round "1"]
[White "Rajlich, Vasik"]
[Black "Allan, Denis"]
[Result "1/2-1/2"]
[WhiteElo "2340"]
[BlackElo "2384"]
[PlyCount "117"]
[EventDate "1996.08.07"]
[EventType "swiss"]
[EventRounds "9"]
[EventCountry "CAN"]

1. e4 e5 2. Nf3 Nc6 3. Bb5 Nge7 4. d4 exd4 5. Nxd4 Ng6 6. O-O Bc5 7. Be3 Bxd4
8. Bxd4 Nxd4 9. Qxd4 Qg5 10. Qd5 Qxd5 11. exd5 a6 12. Re1+ Kd8 13. Ba4 d6 14.
c4 Ne5 15. Nd2 b5 16. cxb5 Bd7 17. Ne4 axb5 18. Bc2 h6 19. Ng3 g6 20. a4 bxa4
21. b3 a3 22. Ra2 Ng4 23. f3 Nf6 24. Be4 Re8 25. Rea1 Re5 26. Rxa3 Rxa3 27.
Rxa3 Nxd5 28. Ra8+ Ke7 29. Ra7 f5 30. Bxd5 Rxd5 31. Rxc7 Rb5 32. h4 Rxb3 33. h5
f4 34. Ne2 g5 35. Nd4 Rb1+ 36. Kh2 Kd8 37. Ra7 Rb4 38. Ne2 Ra4 39. Rxa4 Bxa4
40. g3 fxg3+ 41. Kxg3 Ke7 42. f4 Kf6 43. Nc3 Bc6 44. Kg4 Bd7+ 45. Kg3 gxf4+ 46.
Kxf4 Bc6 47. Ne2 Be8 48. Ng3 Bd7 49. Ne4+ Ke6 50. Ng3 Kd5 51. Nf5 Bxf5 52. Kxf5
Kd4 53. Ke6 d5 54. Kf5 Ke3 55. Kg6 d4 56. Kxh6 d3 57. Kg7 d2 58. h6 d1=Q 59. h7
1/2-1/2

[Event "North Bay int."]
[Site "North Bay CAN"]
[Date "1996.08.07"]
[Round "1"]
[White "Sagalchik, Gennadij"]
[Black "Ciaffone, Robert"]
[Result "1-0"]
[WhiteElo "2525"]
[BlackElo "2287"]
[PlyCount "79"]
[EventDate "1996.08.07"]
[EventType "swiss"]
[EventRounds "9"]
[EventCountry "CAN"]

1. e4 c5 2. Nf3 Nc6 3. d3 g6 4. g3 Bg7 5. Bg2 d6 6. O-O Rb8 7. Re1 e5 8. c3
Nge7 9. a3 O-O 10. Be3 Qc7 11. d4 b6 12. a4 h6 13. Na3 a6 14. Qd2 Kh7 15. Rad1
Bg4 16. d5 Nd8 17. Qe2 Bc8 18. b4 f5 19. a5 cxb4 20. Bxb6 Qxc3 21. Rd3 Qxa3 22.
Rxa3 bxa3 23. Qa2 Nf7 24. Nd2 Bb7 25. f3 Rbc8 26. Qxa3 Rc2 27. Be3 f4 28. gxf4
exf4 29. Bxf4 Bd4+ 30. Kh1 Ne5 31. Qa4 Nd3 32. Qxc2 Nf2+ 33. Kg1 Rxf4 34. Kf1
Ng4 35. Qc7 Nxh2+ 36. Ke2 Bxd5 37. exd5 Rf7 38. Kd3 Bf6 39. Rh1 Kg7 40. Rxh2
1-0

[Event "North Bay int."]
[Site "North Bay CAN"]
[Date "1996.08.07"]
[Round "1"]
[White "Salman, Joel"]
[Black "Djerkovic, Miladin"]
[Result "1/2-1/2"]
[WhiteElo "2356"]
[BlackElo "2323"]
[PlyCount "97"]
[EventDate "1996.08.07"]
[EventType "swiss"]
[EventRounds "9"]
[EventCountry "CAN"]

1. d4 Nf6 2. c4 e6 3. Nc3 Bb4 4. a3 Bxc3+ 5. bxc3 c5 6. e3 Nc6 7. Bd3 d6 8. Ne2
O-O 9. O-O e5 10. e4 Nh5 11. f4 Nxf4 12. Nxf4 exf4 13. Bxf4 Ne7 14. Bg5 f6 15.
Be3 b6 16. Qf3 Be6 17. Qg3 Kh8 18. Bf4 Nc8 19. h4 a6 20. Rf2 Ra7 21. Raf1 Rd7
22. h5 cxd4 23. cxd4 Bf7 24. Be2 Rc7 25. d5 Re8 26. h6 Bg6 27. Qc3 Rf7 28.
hxg7+ Kxg7 29. Bg5 Ref8 30. Bg4 h6 31. Bh4 Kh7 32. Be6 Rg7 33. Rxf6 Bxe4 34. g3
Rxf6 35. Rxf6 Qc7 36. Qe3 Bg6 37. Bf5 Ne7 38. Bxg6+ Nxg6 39. Kh2 Qxc4 40. Qe6
Qa2+ 41. Kh3 Qb1 42. Kh2 Qc2+ 43. Kh3 Qc1 44. Qe4 Qxa3 45. Rxg6 Rxg6 46. Qe7+
Rg7 47. Qe4+ Rg6 48. Qe7+ Rg7 49. Qe4+ 1/2-1/2

[Event "North Bay int."]
[Site "North Bay CAN"]
[Date "1996.08.07"]
[Round "1"]
[White "Shernoff, Leon"]
[Black "Southam, David"]
[Result "1-0"]
[WhiteElo "2100"]
[BlackElo "2308"]
[PlyCount "49"]
[EventDate "1996.08.07"]
[EventType "swiss"]
[EventRounds "9"]
[EventCountry "CAN"]
[Source "CFC"]
[SourceDate "2002.12.??"]

1. e4 e6 2. d4 d5 3. exd5 exd5 4. Bd3 Bd6 5. Nf3 Ne7 6. Bg5 f6 7. Bh4 O-O 8. c4
dxc4 9. Bxc4+ Kh8 10. Nc3 Ng6 11. Bg3 Re8+ 12. Kf1 Bg4 13. Ng5 fxg5 14. Qxg4
Rf8 15. h4 Bxg3 16. hxg5 Rxf2+ 17. Kg1 Nf4 18. Nd5 Rxg2+ 19. Kf1 Rf2+ 20. Kg1
Qd7 21. Nxf4 Bh2+ 22. Kxf2 Qxg4 23. Ng6+ hxg6 24. Rxh2+ Qh5 25. Rah1 1-0

[Event "North Bay int."]
[Site "North Bay CAN"]
[Date "1996.08.07"]
[Round "1"]
[White "Southam, Todd"]
[Black "Koster, Ed"]
[Result "1/2-1/2"]
[WhiteElo "2398"]
[BlackElo "2207"]
[PlyCount "66"]
[EventDate "1996.08.07"]
[EventType "swiss"]
[EventRounds "9"]
[EventCountry "CAN"]

1. d4 Nf6 2. c4 g6 3. Nf3 Bg7 4. Nc3 d5 5. g3 dxc4 6. Qa4+ Nfd7 7. Qxc4 Nb6 8.
Qb3 Be6 9. Qd1 Nc6 10. e3 O-O 11. Bg2 Bc4 12. Nd2 Ba6 13. Nb3 e5 14. d5 Nb4 15.
Nc5 Bc4 16. a3 N4xd5 17. Nxd5 Bxd5 18. Bxd5 Qxd5 19. Qxd5 Nxd5 20. Nxb7 e4 21.
Nc5 Rfe8 22. Ra2 Rab8 23. O-O Rb5 24. b4 a5 25. Bb2 Bc3 26. Bxc3 Nxc3 27. Rc2
axb4 28. axb4 Nd5 29. Na6 Nxb4 30. Nxb4 Rxb4 31. Rxc7 Rb2 32. Rfc1 Re6 33. R7c2
Rxc2 1/2-1/2

[Event "North Bay int."]
[Site "North Bay CAN"]
[Date "1996.08.07"]
[Round "1"]
[White "Tipu, Vincent"]
[Black "Teodoro, Eduardo"]
[Result "0-1"]
[WhiteElo "2348"]
[BlackElo "2453"]
[PlyCount "88"]
[EventDate "1996.08.07"]
[EventType "swiss"]
[EventRounds "9"]
[EventCountry "CAN"]

1. e4 c5 2. Nf3 e6 3. d4 cxd4 4. Nxd4 a6 5. Nc3 Qc7 6. Be3 Nf6 7. Bd3 Nc6 8.
O-O b6 9. Nxc6 dxc6 10. f4 Bb7 11. e5 Nd5 12. Nxd5 exd5 13. c4 dxc4 14. Bxc4 b5
15. Bb3 c5 16. e6 c4 17. exf7+ Qxf7 18. Re1 Qd5 19. Qxd5 Bxd5 20. Bc2 Kf7 21.
Rad1 Bc6 22. b3 Bb4 23. Bd2 c3 24. Be3 Rhe8 25. Kf2 g6 26. g3 a5 27. Bd4 Red8
28. Bb6 Rd2+ 29. Rxd2 cxd2 30. Rd1 Bd7 31. Be4 Re8 32. Bd5+ Kf8 33. Be3 Bf5 34.
Bxd2 Bc5+ 35. Kf3 h5 36. Kg2 Re2+ 37. Kh1 Bc2 38. f5 Bxd1 39. Bh6+ Ke7 40. fxg6
Bd4 41. a4 Re5 42. Bc6 Re1+ 43. Kg2 Rg1+ 44. Kh3 Bf6 0-1

[Event "North Bay int."]
[Site "North Bay CAN"]
[Date "1996.08.07"]
[Round "1"]
[White "Wolff, Patrick"]
[Black "Wen, Jean-Francois"]
[Result "1-0"]
[WhiteElo "2602"]
[BlackElo "2214"]
[PlyCount "73"]
[EventDate "1996.08.07"]
[EventType "swiss"]
[EventRounds "9"]
[EventCountry "CAN"]

1. e4 e6 2. d4 d5 3. Nd2 Nf6 4. e5 Nfd7 5. c3 c5 6. Bd3 Nc6 7. Ne2 cxd4 8. cxd4
f6 9. exf6 Nxf6 10. Nf3 Bd6 11. O-O Qc7 12. g3 O-O 13. Bf4 Nh5 14. Bxd6 Qxd6
15. Nc3 g6 16. Re1 Qd8 17. Bf1 Qf6 18. Bg2 Bd7 19. Qd2 Ng7 20. Ne5 Rad8 21. Bh3
Nf5 22. Bxf5 Qxf5 23. Nxc6 Bxc6 24. Re5 Qf6 25. Rae1 Bd7 26. Nd1 Rc8 27. Ne3
Rc6 28. Ng4 Qg7 29. h4 h5 30. Ne3 Qf6 31. Ng2 Rfc8 32. Nf4 Kf7 33. Qe3 R8c7 34.
Rg5 Rc4 35. Nxg6 Qxd4 36. Qf3+ Kg8 37. Ne5+ 1-0

[Event "North Bay int."]
[Site "North Bay CAN"]
[Date "1996.08.07"]
[Round "1"]
[White "Yue (Young), Oliver"]
[Black "Fiedler, Brian"]
[Result "0-1"]
[WhiteElo "2095"]
[BlackElo "2285"]
[PlyCount "52"]
[EventDate "1996.08.07"]
[EventType "swiss"]
[EventRounds "9"]
[EventCountry "CAN"]

1. g3 g6 2. Bg2 Bg7 3. d3 c5 4. c4 Nc6 5. Bxc6 bxc6 6. Qd2 d6 7. h3 Rb8 8. Nc3
Qa5 9. Nf3 Bd7 10. Kd1 Nf6 11. Kc2 d5 12. b3 dxc4 13. bxc4 O-O 14. Bb2 Rb7 15.
g4 Rfb8 16. Rhb1 h5 17. g5 Ne8 18. h4 Nd6 19. e4 Bg4 20. Ng1 Be6 21. Bc1 Rxb1
22. Rxb1 Rxb1 23. Nge2 Rb8 24. f4 Bd4 25. Qe1 Bg4 26. Qd2 Bxe2 0-1

[Event "North Bay int."]
[Site "North Bay CAN"]
[Date "1996.08.07"]
[Round "1"]
[White "Zendrowski, Jay"]
[Black "Day, Lawrence"]
[Result "0-1"]
[WhiteElo "2224"]
[BlackElo "2444"]
[PlyCount "62"]
[EventDate "1996.08.07"]
[EventType "swiss"]
[EventRounds "9"]
[EventCountry "CAN"]

1. e4 b6 2. d4 Bb7 3. Nc3 e6 4. f4 Bb4 5. Bd3 f5 6. Qh5+ g6 7. Qe2 Qh4+ 8. g3
Qh5 9. Qe3 Nf6 10. Be2 Qh6 11. d5 Bc5 12. Qd3 fxe4 13. Nxe4 Nxe4 14. Qxe4 Bxd5
15. Qe5 O-O 16. Bf3 Nc6 17. Qxc7 Bxg1 18. Bxd5 exd5 19. Rxg1 Qxh2 20. Be3 Rfe8
21. O-O-O Rac8 22. Qxd7 Nb4 23. Bd2 Rxc2+ 24. Kb1 Re2 25. Qd8+ Kf7 26. Qd7+ Re7
27. Qd6 Rxd2 28. Qxb4 Ree2 29. Rxd2 Qxg1+ 30. Kc2 Re4 31. Qd6 Rc4+ 0-1

[Event "North Bay int."]
[Site "North Bay CAN"]
[Date "1996.08.08"]
[Round "2"]
[White "Bidal, Jay"]
[Black "Ceterski, Tom"]
[Result "1-0"]
[WhiteElo "2288"]
[BlackElo "2015"]
[PlyCount "85"]
[EventDate "1996.08.07"]
[EventType "swiss"]
[EventRounds "9"]
[EventCountry "CAN"]

1. f4 d5 2. g3 g6 3. Bg2 Bg7 4. c3 c5 5. d3 e6 6. Na3 Ne7 7. Nc2 Nbc6 8. Nh3 b6
9. O-O O-O 10. Nf2 a5 11. Bd2 Ra7 12. e3 Ba6 13. Qf3 Rd7 14. Rfd1 e5 15. Be1
exf4 16. gxf4 Bc8 17. e4 d4 18. c4 Rc7 19. h4 Kh8 20. Rd2 Ng8 21. Nh3 Nh6 22.
Bg3 Bg4 23. Qf1 Rc8 24. Ne1 Qd7 25. Nf2 Be6 26. Nf3 f6 27. Nh2 Rce8 28. Bf3 Qc7
29. Qg2 Qc8 30. Kh1 Rg8 31. Rg1 Bd7 32. Qf1 Re7 33. Qd1 Qe8 34. Nhg4 Nxg4 35.
Nxg4 f5 36. Nf2 fxe4 37. Nxe4 Bf5 38. h5 Qf7 39. Rh2 Nd8 40. Ng5 Qf6 41. Nxh7
Qd6 42. hxg6 Qxg6 43. Nf8+ 1-0

[Event "North Bay int."]
[Site "North Bay CAN"]
[Date "1996.08.08"]
[Round "2"]
[White "Boross-Harmer, Peter"]
[Black "Balandin, Aleksey"]
[Result "0-1"]
[WhiteElo "2051"]
[BlackElo "2448"]
[PlyCount "94"]
[EventDate "1996.08.07"]
[EventType "swiss"]
[EventRounds "9"]
[EventCountry "CAN"]

1. d4 Nf6 2. c4 e6 3. Nf3 Bb4+ 4. Bd2 Qe7 5. g3 O-O 6. Bg2 Bxd2+ 7. Nbxd2 d6 8.
Qc2 e5 9. O-O h6 10. dxe5 dxe5 11. Nh4 Nc6 12. e3 Re8 13. Ne4 Nxe4 14. Qxe4 Be6
15. a3 a5 16. Qc2 Qc5 17. Rac1 Rad8 18. Qa4 Bd7 19. Qb5 Qa7 20. Rcd1 e4 21. Rd5
Ne5 22. Rxd7 Nxd7 23. Bh3 Ne5 24. Nf5 Qb6 25. Nd4 Qxb5 26. cxb5 c5 27. bxc6
Nxc6 28. Nxc6 bxc6 29. Rc1 Rb8 30. b4 axb4 31. axb4 Rxb4 32. Rxc6 Rb1+ 33. Kg2
Rb2 34. Bf5 g6 35. Rc8 Rxc8 36. Bxc8 Kg7 37. h4 Kf6 38. Bh3 Ke5 39. g4 f5 40.
Kg3 Rb3 41. gxf5 gxf5 42. Kg2 f4 43. exf4+ Kxf4 44. Be6 Rb2 45. Kg1 Kf3 46. Bd5
Rb1+ 47. Kh2 Re1 0-1

[Event "North Bay int."]
[Site "North Bay CAN"]
[Date "1996.08.08"]
[Round "2"]
[White "Castaneda, Nelson"]
[Black "Sagalchik, Gennadij"]
[Result "0-1"]
[WhiteElo "2272"]
[BlackElo "2525"]
[PlyCount "78"]
[EventDate "1996.08.07"]
[EventType "swiss"]
[EventRounds "9"]
[EventCountry "CAN"]

1. e4 e5 2. Nf3 Nc6 3. Bb5 a6 4. Ba4 Nf6 5. O-O Nxe4 6. d4 b5 7. Bb3 d5 8. dxe5
Be6 9. Nbd2 Nc5 10. c3 Bg4 11. h3 Bh5 12. Re1 Qd7 13. Bc2 Be7 14. Nb3 Ne6 15.
Bf5 O-O 16. Qd3 Bg6 17. Be3 Ncd8 18. Rad1 c6 19. g4 a5 20. Qf1 a4 21. Nbd4 Rb8
22. Qg2 Re8 23. Rd2 Bf8 24. Ne2 Qc7 25. Ng3 Nc5 26. Bxc5 Bxc5 27. h4 Ne6 28. h5
Bxf5 29. gxf5 Nf4 30. Qh2 f6 31. e6 b4 32. Qh4 a3 33. bxa3 bxc3 34. Rc2 Nd3 35.
Ree2 Rb1+ 36. Kh2 Rb2 37. Qg4 Nxf2 38. Qh4 Ne4 39. Kh3 Bf2 0-1

[Event "North Bay int."]
[Site "North Bay CAN"]
[Date "1996.08.08"]
[Round "2"]
[White "Chu, Christopher"]
[Black "Southam, Todd"]
[Result "0-1"]
[WhiteElo "2183"]
[BlackElo "2398"]
[PlyCount "106"]
[EventDate "1996.08.07"]
[EventType "swiss"]
[EventRounds "9"]
[EventCountry "CAN"]

1. d4 Nf6 2. c4 g6 3. Nc3 Bg7 4. e4 d6 5. f3 O-O 6. Be3 e5 7. d5 c6 8. Nge2 a6
9. Qd2 cxd5 10. cxd5 Nbd7 11. g4 h5 12. gxh5 Nxh5 13. Ng3 Nf4 14. Nce2 Qf6 15.
Nxf4 exf4 16. Bxf4 Qxb2 17. Qxb2 Bxb2 18. Rb1 Bc3+ 19. Kf2 Ne5 20. Bh6 Re8 21.
Be2 b5 22. a3 Bd7 23. Rhc1 Rec8 24. Be3 Ba5 25. Rxc8+ Rxc8 26. Rc1 Rxc1 27.
Bxc1 Bc3 28. f4 Ng4+ 29. Bxg4 Bxg4 30. Ne2 Ba1 31. Bd2 f5 32. Bb4 fxe4 33. Bxd6
Bb2 34. Ke3 Bf3 35. Ng3 Bc1+ 36. Kf2 Kf7 37. Nf1 a5 38. Ne3 Ke8 39. h3 Kd7 40.
Bc5 Bd2 41. Nc2 Bxf4 42. Nd4 Bd6 43. Bb6 Bxa3 44. Nxb5 Bb4 45. Bd4 a4 46. Ke3
a3 47. Nc3 Kd6 48. Nxe4+ Kxd5 49. Nc3+ Kc4 50. Na2 Ba5 51. Bf6 Bh5 52. Nc1 Bc3
53. Be7 Bb2 0-1

[Event "North Bay int."]
[Site "North Bay CAN"]
[Date "1996.08.08"]
[Round "2"]
[White "Ciaffone, Robert"]
[Black "Acker, Robert"]
[Result "1-0"]
[WhiteElo "2287"]
[BlackElo "2100"]
[PlyCount "81"]
[EventDate "1996.08.07"]
[EventType "swiss"]
[EventRounds "9"]
[EventCountry "CAN"]

1. Nf3 d5 2. c4 e6 3. d4 Nf6 4. g3 Bb4+ 5. Nbd2 O-O 6. Bg2 b6 7. O-O Bb7 8. Ne5
Nbd7 9. cxd5 exd5 10. Ndc4 Be7 11. Ne3 c5 12. Nf5 cxd4 13. Nxd7 Qxd7 14. Nxe7+
Qxe7 15. b3 Rfe8 16. Re1 Ne4 17. Qxd4 Qf6 18. Qxf6 Nxf6 19. Bb2 Ne4 20. Rac1
Rac8 21. Bh3 Rxc1 22. Rxc1 Ba6 23. Rc2 Nc5 24. Kf1 h5 25. f3 Nd3 26. Bd4 h4 27.
Bf5 Nb4 28. Rd2 g6 29. Bb1 hxg3 30. hxg3 Rc8 31. Bb2 d4 32. Rxd4 Re8 33. Rd2
Rc8 34. Kf2 Nc6 35. e4 Nb4 36. Ke3 Re8 37. Rh2 f5 38. Rh8+ Kf7 39. Rxe8 Kxe8
40. a3 fxe4 41. Bxe4 1-0

[Event "North Bay int."]
[Site "North Bay CAN"]
[Date "1996.08.08"]
[Round "2"]
[White "Day, Lawrence"]
[Black "Gonzales, Jorge A"]
[Result "1/2-1/2"]
[WhiteElo "2444"]
[BlackElo "2532"]
[PlyCount "115"]
[EventDate "1996.08.07"]
[EventType "swiss"]
[EventRounds "9"]
[EventCountry "CAN"]

1. e4 c5 2. Nc3 Nc6 3. g3 g6 4. Bg2 Bg7 5. d3 e6 6. Be3 d6 7. Nh3 Rb8 8. O-O
Nge7 9. Qd2 Nd4 10. Nd1 e5 11. f4 O-O 12. Kh1 f5 13. fxe5 dxe5 14. exf5 Nexf5
15. Bg5 Qc7 16. g4 Nd6 17. Rxf8+ Bxf8 18. Ne3 Nf7 19. Nd5 Qd6 20. Nf6+ Kh8 21.
Rf1 Be6 22. Qf2 Nxg5 23. Nxg5 h6 24. Nxe6 Nxe6 25. Ne4 Qe7 26. Qf6+ Qxf6 27.
Rxf6 Nf4 28. Rf7 c4 29. dxc4 a5 30. Rd7 b6 31. g5 hxg5 32. Nxg5 Bg7 33. Bd5 Rf8
34. Ne4 Rb8 35. a3 Kh7 36. Bf7 Kh6 37. Kg1 Bf8 38. Kf2 Bc5+ 39. Kg3 Be3 40. Kg4
Bc1 41. Nf6 Nh5 42. Nd5 Bxb2 43. Rd6 Nf4 44. Nxb6 Bxa3 45. Rc6 Rf8 46. Rc7 Bd6
47. Rd7 Bc5 48. Na4 Bd4 49. c5 Nh5 50. Rb7 Rc8 51. Rb5 Rc7 52. Bc4 Nf6+ 53. Kf3
Nd7 54. Bd3 Nxc5 55. Nxc5 Rxc5 56. Rb6 e4+ 57. Kxe4 Bg1 58. h3 1/2-1/2

[Event "North Bay int."]
[Site "North Bay CAN"]
[Date "1996.08.08"]
[Round "2"]
[White "Djerkovic, Miladin"]
[Black "Desjardins, Andre"]
[Result "1/2-1/2"]
[WhiteElo "2323"]
[BlackElo "2252"]
[PlyCount "58"]
[EventDate "1996.08.07"]
[EventType "swiss"]
[EventRounds "9"]
[EventCountry "CAN"]

1. e4 c5 2. Nf3 Nc6 3. d4 cxd4 4. Nxd4 Nf6 5. Nc3 e5 6. Ndb5 d6 7. Bg5 a6 8.
Na3 b5 9. Bxf6 gxf6 10. Nd5 f5 11. c3 fxe4 12. Bxb5 axb5 13. Nxb5 Be6 14. Nbc7+
Kd7 15. Nxa8 Bxd5 16. Qxd5 Qxa8 17. Qxf7+ Ne7 18. Qf6 Rg8 19. O-O-O Ng6 20.
Qf7+ Be7 21. Rhe1 Rf8 22. Qxh7 Qxa2 23. Rxd6+ Kxd6 24. Qxg6+ Rf6 25. Qxe4 Qa1+
26. Kc2 Rxf2+ 27. Re2 Rxe2+ 28. Qxe2 Qa4+ 29. Kb1 e4 1/2-1/2

[Event "North Bay int."]
[Site "North Bay CAN"]
[Date "1996.08.08"]
[Round "2"]
[White "Filipovich, David"]
[Black "Salman, Joel"]
[Result "1/2-1/2"]
[WhiteElo "2299"]
[BlackElo "2356"]
[PlyCount "71"]
[EventDate "1996.08.07"]
[EventType "swiss"]
[EventRounds "9"]
[EventCountry "CAN"]

1. Nf3 Nf6 2. g3 d5 3. Bg2 c5 4. O-O Nc6 5. d4 Bg4 6. Ne5 cxd4 7. Nxg4 Nxg4 8.
c3 Nf6 9. cxd4 e6 10. Nc3 Bd6 11. e3 O-O 12. Qe2 Qe7 13. Rd1 Rac8 14. Bd2 Rfd8
15. Rac1 b6 16. Be1 Na5 17. f3 Qd7 18. e4 Bf8 19. e5 Ne8 20. f4 Nc7 21. g4 a6
22. Rd3 Nb5 23. Rcd1 Rc4 24. Kh1 Rdc8 25. f5 Qc7 26. f6 g6 27. g5 Nxc3 28. bxc3
b5 29. Rh3 Nc6 30. Rdd3 h6 31. Qf2 a5 32. Rh4 b4 33. Rdh3 bxc3 34. Rxh6 Bxh6
35. Rxh6 Rxd4 36. Bxc3 1/2-1/2

[Event "North Bay int."]
[Site "North Bay CAN"]
[Date "1996.08.08"]
[Round "2"]
[White "Goldenberg, Danny"]
[Black "Morrell, Gord"]
[Result "1/2-1/2"]
[WhiteElo "2371"]
[BlackElo "2226"]
[PlyCount "80"]
[EventDate "1996.08.07"]
[EventType "swiss"]
[EventRounds "9"]
[EventCountry "CAN"]

1. d4 d6 2. e4 g6 3. Nc3 c6 4. Nf3 Nf6 5. Be2 Bg7 6. O-O O-O 7. Re1 Nbd7 8. Bf4
Qc7 9. e5 Nh5 10. exd6 exd6 11. Bg5 d5 12. Qd2 f6 13. Be3 f5 14. Bh6 Nhf6 15.
Bf1 Ne4 16. Nxe4 fxe4 17. Bxg7 Kxg7 18. Nh4 Nf6 19. f3 h6 20. fxe4 Nxe4 21. Qb4
a5 22. Qa3 b5 23. Bd3 b4 24. Qa4 Bd7 25. Bxe4 dxe4 26. Rxe4 Rae8 27. Rxe8 Rxe8
28. Rf1 g5 29. Qb3 Be6 30. Nf5+ Bxf5 31. Rxf5 Re1+ 32. Kf2 Re7 33. Qg3 Qd7 34.
Qd3 Qe6 35. Re5 Qf6+ 36. Qf3 Rxe5 37. dxe5 Qxe5 38. Qxc6 Qf4+ 39. Ke2 Qe5+ 40.
Kd3 h5 1/2-1/2

[Event "North Bay int."]
[Site "North Bay CAN"]
[Date "1996.08.08"]
[Round "2"]
[White "Gordon, David"]
[Black "Lindsay, Fred"]
[Result "0-1"]
[WhiteElo "2157"]
[BlackElo "2316"]
[PlyCount "92"]
[EventDate "1996.08.07"]
[EventType "swiss"]
[EventRounds "9"]
[EventCountry "CAN"]

1. d4 d5 2. c4 c6 3. Nf3 Nf6 4. Nc3 dxc4 5. e4 b5 6. e5 Nd5 7. a4 e6 8. axb5
Nxc3 9. bxc3 cxb5 10. Ng5 Bb7 11. Qh5 g6 12. Qg4 Be7 13. Rb1 h5 14. Qg3 Qd5 15.
Be3 Nc6 16. Be2 Bxg5 17. Qxg5 Ne7 18. Bf3 Qd7 19. Qf6 O-O-O 20. Qxf7 Rdf8 21.
Bxb7+ Kxb7 22. Qg7 Qe8 23. d5 Rf7 24. Qxh8 Qxh8 25. dxe6 Rf5 26. Rxb5+ Ka6 27.
Rc5 Rxe5 28. Rxc4 Nd5 29. O-O Nxe3 30. fxe3 Rxe6 31. Ra4+ Kb5 32. Rxa7 Qxc3 33.
Kh1 Qxe3 34. Rc7 Qd3 35. Rfc1 Qe4 36. Rf1 Rf6 37. Rg1 Rf2 38. Rcc1 Re2 39. Rb1+
Kc5 40. Rbd1 g5 41. Ra1 h4 42. h3 g4 43. Ra3 Kb4 44. Raa1 gxh3 45. Rgb1+ Kc3
46. Rc1+ Kb2 0-1

[Event "North Bay int."]
[Site "North Bay CAN"]
[Date "1996.08.08"]
[Round "2"]
[White "Gross, Ronald"]
[Black "Milicevic, Goran"]
[Result "0-1"]
[WhiteElo "2116"]
[BlackElo "2393"]
[PlyCount "86"]
[EventDate "1996.08.07"]
[EventType "swiss"]
[EventRounds "9"]
[EventCountry "CAN"]

1. d4 Nf6 2. c4 c5 3. d5 b5 4. Nf3 Bb7 5. a4 bxc4 6. Nc3 d6 7. e4 g6 8. Bxc4
Bg7 9. O-O O-O 10. h3 Nbd7 11. a5 Rb8 12. Be3 Ne8 13. Qd2 Nc7 14. Bh6 Ba6 15.
Bxg7 Kxg7 16. b3 Qc8 17. Rfb1 f6 18. Qe2 Rb4 19. Nd2 Qb7 20. f4 Rb8 21. Qg4 Qc8
22. Na2 R4b7 23. Qe2 Bxc4 24. bxc4 Rb2 25. Rxb2 Rxb2 26. Qd3 Qb7 27. Qc3 Na6
28. Nc1 Qb4 29. Qxb4 Nxb4 30. Ncb3 Nd3 31. g3 f5 32. exf5 gxf5 33. Rb1 Rc2 34.
Kg2 Nf6 35. Kf3 Rc3 36. Ke2 Nb4 37. Rg1 Nc2 38. a6 Kf7 39. Rc1 Nd4+ 40. Kf2 Rd3
41. Nxd4 Rxd2+ 42. Ne2 Ra2 43. Kf3 h5 0-1

[Event "North Bay int."]
[Site "North Bay CAN"]
[Date "1996.08.08"]
[Round "2"]
[White "Guo, Joshua"]
[Black "Fogarasi, Norbert"]
[Result "1/2-1/2"]
[WhiteElo "2209"]
[BlackElo "2059"]
[PlyCount "124"]
[EventDate "1996.08.07"]
[EventType "swiss"]
[EventRounds "9"]
[EventCountry "CAN"]

1. e4 d5 2. exd5 Qxd5 3. Nc3 Qa5 4. d4 Nf6 5. Bd2 c6 6. Nf3 Bg4 7. h3 Bh5 8. g4
Bg6 9. Bg2 Nbd7 10. O-O Qc7 11. Re1 e6 12. Bg5 O-O-O 13. Qe2 Nb6 14. a4 h5 15.
a5 Nbd5 16. Ne5 Re8 17. a6 b6 18. Bxf6 gxf6 19. Nxg6 Nxc3 20. bxc3 fxg6 21. Qf3
hxg4 22. hxg4 f5 23. gxf5 gxf5 24. Qxc6 Qxc6 25. Bxc6 Re7 26. c4 Bg7 27. Rad1
Rd8 28. d5 e5 29. f3 Rd6 30. Kf2 e4 31. fxe4 fxe4 32. Rf1 Rh6 33. Ke2 Rh2+ 34.
Rf2 Rxf2+ 35. Kxf2 e3+ 36. Ke2 Bh6 37. Rh1 Bf4 38. Rh8+ Kc7 39. Ra8 Kd6 40. Rf8
Bg5 41. Rg8 Bf4 42. Rg4 Bh2 43. Bb7 Kc5 44. Bc8 Bd6 45. Be6 Rh7 46. Kxe3 Rh3+
47. Ke4 Kxc4 48. Rg7 Rh4+ 49. Kf3 Rf4+ 50. Ke3 Rf8 51. Rxa7 b5 52. Rc7+ Kb4 53.
c3+ Ka5 54. Rc6 Bb8 55. d6 Rd8 56. d7 Ba7+ 57. Ke4 Bb6 58. Kd5 Kxa6 59. Kd6 Rh8
60. Rc8 Bd8 61. Bf7 Rh6+ 62. Kd5 Rh8 1/2-1/2

[Event "North Bay int."]
[Site "North Bay CAN"]
[Date "1996.08.08"]
[Round "2"]
[White "Hathaway, John"]
[Black "Hum, Peter"]
[Result "1/2-1/2"]
[WhiteElo "2188"]
[BlackElo "2234"]
[PlyCount "63"]
[EventDate "1996.08.07"]
[EventType "swiss"]
[EventRounds "9"]
[EventCountry "CAN"]

1. d4 e6 2. Nf3 f5 3. c3 Nf6 4. Bg5 d5 5. e3 Bd6 6. Bd3 Nbd7 7. Nbd2 O-O 8. O-O
Qe8 9. c4 c6 10. Bf4 Be7 11. Ne5 Nxe5 12. Bxe5 Ng4 13. Nf3 Bd7 14. Rc1 Qd8 15.
Qb3 Qb6 16. Qxb6 axb6 17. a3 Nxe5 18. Nxe5 Be8 19. Rc3 Bd6 20. f4 Bxe5 21. fxe5
Bd7 22. Rb3 dxc4 23. Bxc4 b5 24. Bd3 Ra4 25. g3 Kf7 26. Kf2 Ke7 27. Ke1 h6 28.
Kd2 Be8 29. Be2 g5 30. Kc3 Bg6 31. Rb4 Ra7 32. Kd2 1/2-1/2